00413nam a2200157Ia 4500003000400000008004100004040001600045082001500061100001600076245005100092260004100143300000900184650001900193650001700212650002600229GCL140319s9999 xx 000 0 eng d aGCL / cGCL04a725.3bT A1 aTOY, MAGGIE10aARCHITECTURE OF TRANSPORTATION / cTOY, MAGGIE a[S.N] : bACADEMY EDITIONS ، c1994 a96 P04aTRANSPORTATION04aARCHITECTURE04aARCHITECTURE MAGAZINE